000 00170nam a22000857a 4500
082 _a823
100 _aKANAKARAGHAVAN
245 _aTRUE AND FALSE, BIRBAL STORIES
942 _cBK
999 _c8397
_d8397